Rubén Darío: abismo y cima
保存先:
| 第一著者: | |
|---|---|
| フォーマット: | 図書 |
| 言語: | スペイン語 |
| 出版事項: |
Ciudad de México
Universidad Nacional Autónoma
1966
|
| シリーズ: | Colección Letras Mexicanas
|
| 主題: | |
| タグ: |
タグ追加
タグなし, このレコードへの初めてのタグを付けませんか!
|
MARC
| LEADER | 00000nam a2200000 a 4500 | ||
|---|---|---|---|
| 001 | UCT6802 | ||
| 003 | CL-VaPUC | ||
| 008 | 970113e19660000MX |||||||||||||||||spa|d | ||
| 082 | 0 | 4 | |a Ni861.09 |b TOR |2 21 |
| 100 | 0 | |a Torres Bodet, Jaime |e author |9 377037 | |
| 245 | 1 | 0 | |a Rubén Darío: abismo y cima |
| 300 | |a 361 p | ||
| 942 | |c BK | ||
| 945 | |d 19970113 00:00:00 |a nastorga | ||
| 260 | |a Ciudad de México |b Universidad Nacional Autónoma |c 1966 | ||
| 600 | 0 | 7 | |a DARIO, RUBEN |2 CL-VaPUC |9 268402 |
| 650 | 7 | |a POESIA NICARAGUENCE |2 CL-VaPUC |9 377038 | |
| 650 | 0 | |a Historia y crítica |9 257407 | |
| 650 | 0 | |a Modernismo |9 267987 | |
| 650 | 0 | |a Biografías |9 255210 | |
| 583 | |a last modification |c 19970113 00:00:00 |k Rodrigo Vera | ||
| 490 | 0 | |a Colección Letras Mexicanas | |
| 999 | |c 255473 |d 255471 | ||
| 952 | |0 0 |1 0 |4 0 |6 NI_861_090000000000000_TOR_1966 |7 0 |8 A |9 277712 |a BIBEDU |b BIBEDU |d 2019-11-19 |i 3269124 |o Ni861.09 TOR 1966 |p 3269124 |r 2019-11-19 |w 2019-11-19 |y BK |k LIT | ||